Most expensive football transfers - Left-Backs - 2010-2011 Season - Statistics

General Stats
  • This quiz has been taken 11 times
  • The average score is 3 of 10
Answer Stats
Fee (M €) Nationality Left Joined Player % Correct
23,86 Serbia Lazio Manchester City Aleksandar Kolarov
88%
12,00 Brazil Dep. La Coruña Atlético Madrid Filipe Luís
63%
9,50 Brazil Sevilla FC Barcelona Adriano
50%
4,00 Spain Espanyol AC Milan Dídac Vilà
25%
4,80 Chile América Birmingham Jean Beausejour
25%
4,20 England Fulham Liverpool Paul Konchesky
25%
4,00 Russia Dinamo Moscow Spartak Moscow Dmitriy Kombarov
13%
4,00 Croatia Hajduk Split Dnipro Ivan Strinic
13%
7,00 Italy Parma Genoa Luca Antonelli
13%
4,20 France / Algeria Portsmouth Al-Sadd SC Nadir Belhadj
13%
No matching quizzes found
Score Distribution
Percent of People with Each Score
Percentile by Number Answered
Your Score History
You have not taken this quiz